| 000 | 00396nam a2200157Ia 4500 | ||
|---|---|---|---|
| 020 | _a0852582374 | ||
| 082 | _a657.45 COO | ||
| 100 |
_aCoopers & Lybrand _98055 |
||
| 245 | _aStudent's Manual of Auditing | ||
| 250 | _a3rd ed | ||
| 260 |
_aLondon _bChapman & Hall _c1985 |
||
| 300 |
_axxxvi, 799 p. _bill; 23 cm |
||
| 500 | _aIncludes Index | ||
| 650 |
_aAuditing Accounting _98056 |
||
| 942 | _cBK | ||
| 999 |
_c7123 _d7123 |
||